000 00842nas a2200265 4500
001 BR2022000490
003 BR-BrBNA
005 20231205132248.0
007 ta
008 230509b bl.|||p| |||| 00| 00por d
040 _aBR-BrBNA
_bpor
_cBiblioteca Nacional de Agricultura
041 _a(Pt)
072 _aN20
100 1 _aSantos, R.K.
100 1 _aRispoli, I.A.G.
245 1 _aSeleção do coletor solar em sistemas brasileiros de aquecimento de água
650 _aCONDIÇÃO AMBIENTAL
650 _aRADIAÇÃO SOLAR
650 _aTECNOLOGIA
650 _aEQUIPAMENTO
773 0 _tActa Iguazu (Brazil)
_xISSN 2316-4093
_g(2015), v. 4(3) p. 31-47
_wBR2022000490
856 4 0 _uhttps://e-revista.unioeste.br/index.php/actaiguazu/article/view/13140/9075
909 _a202311
_bLúcia
_c55
_dLúcia Elande
942 _2AGRIS
_n0
_cANA
999 _c259355
_d259355